Normal view
MARC view
- Akhtar K. Bhatti Dr. Gul-E-Jannat
Entry Personal Name
001 - CONTROL NUMBER
- control field: 76704
003 - CONTROL NUMBER IDENTIFIER
- control field: NUST
005 - DATE AND TIME OF LATEST TRANSACTION
- control field: 20210628205710.0
008 - FIXED-LENGTH DATA ELEMENTS
- fixed length control field: 210628|| aca||aabn | a|a d
040 ## - CATALOGING SOURCE
- Original cataloging agency: NUST
- Transcribing agency: NUST
100 ## - HEADING--PERSONAL NAME
- Personal name: Akhtar K. Bhatti Dr. Gul-E-Jannat
670 ## - SOURCE DATA FOUND
- Source citation: Work cat.: (NUST): Akhtar K. Bhatti Dr. Gul-E-Jannat, Stories of the prophets biblical and quranic versions, 1998
